Sammasati : (Record no. 193067)

MARC details
000 -LEADER
campo de control de longitud fija 01407nam a2200373 i 4500
001 - NÚMERO DE CONTROL
campo de control 193067
003 - IDENTIFICADOR DE NÚMERO DE CONTROL
campo de control SpMaBN
005 - FECHA Y HORA DE LA ÚLTIMA TRANSACCIÓN
campo de control 20240707063036.0
007 - CAMPO FIJO DE DESCRIPCIÓN FÍSICA--INFORMACIÓN GENERAL
campo de control de longitud fija ta
008 - DATOS DE LONGITUD FIJA--INFORMACIÓN GENERAL
campo de control de longitud fija 230727s2015 sp a | |||| 000 j spa
015 ## - NÚMERO DE BIBLIOGRAFÍA NACIONAL
Número de bibliografía nacional MON15
017 ## - NÚMERO DE COPYRIGHT O DE DEPÓSITO LEGAL
Número de copyright o de depósito legal M 18688-2015
Agencia que asigna Oficina Depósito Legal Madrid
020 ## - NÚMERO INTERNACIONAL ESTÁNDAR DEL LIBRO
Número Internacional Estándar del Libro 9788494390760
035 ## - NÚMERO DE CONTROL DEL SISTEMA
Número de control de sistema (OCoLC)957749394
035 ## - NÚMERO DE CONTROL DEL SISTEMA
Número de control de sistema a5826574
040 ## - FUENTE DE CATALOGACIÓN
Centro catalogador/agencia de origen SpMaBN
Lengua de catalogación spa
Centro/agencia transcriptor SpMaBN
Normas de descripción rdc
Centro/agencia modificador ES-MaACL
080 ## - NÚMERO DE LA CLASIFICACIÓN DECIMAL UNIVERSAL
Número de la Clasificación Decimal Universal 821.134.2-32"19"
100 1# - ENTRADA PRINCIPAL--NOMBRE DE PERSONA
Nombre de persona Santos Duque, Celestina
Número de control del registro de autoridad o número normalizado XX5356725
Término indicativo de función/relación Autor
9 (RLIN) 163906
245 10 - MENCIÓN DEL TÍTULO
Título Sammasati :
Resto del título elegir, caminar y llegar : antología de cuentos /
Mención de responsabilidad, etc. Celestina Santos Duque
260 ## - PUBLICACIÓN, DISTRIBUCIÓN, ETC.
Lugar de publicación, distribución, etc. [Madrid] :
Nombre del editor, distribuidor, etc. Dulcinea,
Fecha de publicación, distribución, etc. [2015]
300 ## - DESCRIPCIÓN FÍSICA
Extensión 178 p. :
Otras características físicas il. ;
Dimensiones 22 cm
336 ## - TIPO DE CONTENIDO
Término de tipo de contenido Texto (visual)
Fuente isbdcontent
337 ## - TIPO DE MEDIO
Nombre/término del tipo de medio sin mediación
Fuente isbdmedia
338 ## - TIPO DE SOPORTE
Fuente rdacarrier
Nombre/término del tipo de soporte volumen
500 ## - NOTA GENERAL
Nota general Catalogación provisional. Signatura: N 8558. Depósito J.
650 #7 - PUNTO DE ACCESO ADICIONAL DE MATERIA--TÉRMINO DE MATERIA
Término de materia o nombre geográfico como elemento de entrada Novelas
Fuente del encabezamiento o término embne
9 (RLIN) 233904
852 ## - LOCALIZACIÓN
Ubicación ES-MaACL
itemnumber 200372
Sublocalización o colección R.152713
Número de control de estantería N-8558
Nota libre Dedicatoria autógrafa de la autora
Ubicación en estantería Depósito J
Anotaciones manuscritas Firmado y dedicado por la autora
Donativo/Legado Donación: Celestina Santos Duque
903 ## - NOMBRE PERSONAL DE DONANTE
a Santos Duque, Celestina
e Donante
9 163906
942 ## - ELEMENTOS DE ENTRADA SECUNDARIOS (KOHA)
Suprimir en OPAC No
Tipo de ítem Koha Libro impreso
Holdings
Estatus retirado Estado de pérdida Fuente del sistema de clasificación o colocación Estado de daño No para préstamo Colección Biblioteca de origen Biblioteca actual Ubicación en estantería Fecha de adquisición Fuente de adquisición Número de control de estantería Total de préstamos Signatura topográfica completa Código de barras Visto por última vez Precio de reemplazo Tipo de ítem Koha Nota pública
    Clasificación decimal universal     Libros con dedicatorias Biblioteca del Ateneo de Madrid Biblioteca del Ateneo de Madrid Depósito J 16/05/2019 Donación Ateneísta   N-8558 101205665 27/07/2023 27/07/2023 Libro impreso Dedicatoria autógrafa de la autora